000 01714nam a2200241 4500
999 _c63786
_d63786
003 Ge_BSU
005 20260113200332.0
008 260113s1977 ge ||||| |||| 00| 0 geo d
041 _ageo
080 _a911.3:33(47+57) ს-78
245 _aსსრ კავშირის ეკონომიური გეოგრაფია :
_b[დამხმარე სახელმძღვანელო უნ-ტების გეოგრაფიული ფაკ-ტებისათვის]. ნაწ. 1, ქვეყნის საწარმოო ძალები მთლიანად /
_cი.გ. საუშკინის, ი.ვ. ნიკოლსკის და ვ.პ.კოროვიცინის რედ.; მთარგმნ.: ვ. ბურჯანაძე, ი. მამაიაშვილი, ე. მესხი.
264 _aთბილისი :
_bთბილ. უნ-ტის გამ-ბა,
_c1977.
300 _a456 გვ. :
_b ილ.;
_c25 სმ.
600 _v
_926669
653 _aსსრ კავშირის ეკონომიური გეოგრაფია
700 _aსაუშკინი, ი.გ.
_eრედაქტორი
_926670
700 _aნიკოლსკი, ი.ვ.
_eრედაქტორი
_926671
700 _aკოროვიცინი, ვ.პ.
_eრედაქტორი
_926672
700 _aბურჯანაძე, ვ.
_eმთარგმნელი.
_926673
700 _aმამაიაშვილი, ი.
_eმთარგმნელი
_926674
700 _aმესხი, ე.
_eმთარგმნელი
_93902
942 _2udc
_cᲬᲘᲒᲜᲘ